书目信息 |
| 题名: |
中国少数民族地区经济发展报告
|
|
| 作者: | 郑长德 主编 | |
| 分册: | 2013 | |
| 出版信息: | 北京 中国经济出版社 2013 |
|
| 页数: | 418页 | |
| 开本: | 24cm | |
| 丛书名: | ||
| 单 册: | ||
| 中图分类: | F127.8 | |
| 科图分类: | ||
| 主题词: | 民族地区经济--经济发展--研究报告--中国--2013 , 民族地区经济 , 经济发展 | |
| 电子资源: | ||
| ISBN: | 978-7-5136-2513-5 | |
| 000 | 01058nam0 2200265 450 | |
| 001 | 523 | |
| 005 | 20140908162735.71 | |
| 010 | @a978-7-5136-2513-5@dCNY68.00 | |
| 100 | @a20131122d2013 em y0chiy50 ea | |
| 101 | 0 | @achi@deng@eeng |
| 102 | @aCN@b110000 | |
| 105 | @ay z 000yy | |
| 106 | @ar | |
| 200 | 1 | @a中国少数民族地区经济发展报告@AZhong Guo Shao Shu Min Zu Di Qu Jing Ji Fa Zhan Bao Gao@h2013@dReport on economic development in China minority region@h2013@f郑长德主编@FZheng Chang De Zhu Bian@zeng |
| 210 | @a北京@c中国经济出版社@d2013 | |
| 215 | @a418页@d24cm | |
| 330 | @a本书分总报告、专题报告和民族地区“十二五”规划总体执行情况三部分。全书内容围绕“少数民族地区经济发展方式转变”的主题展开。 | |
| 510 | 1 | @aReport on economic development in China minority region@h2013@zeng |
| 606 | 0 | @a民族地区经济@x经济发展@x研究报告@y中国@z2013 |
| 606 | 0 | @a民族地区经济 |
| 606 | 0 | @a经济发展 |
| 690 | @aF127.8@v5 | |
| 701 | 0 | @a郑长德@AZheng Chang De@f(1962.6~)@4主编 |
| 801 | 0 | @aCN@bTANGWEI@c20140603 |
| 905 | @b0841274-76@dF127.8@e240@f3 | |
| 中国少数民族地区经济发展报告.2013=Report on economic development in China minority region.2013/郑长德主编.-北京:中国经济出版社,2013 |
| 418页;24cm |
| ISBN 978-7-5136-2513-5:CNY68.00 |
| 本书分总报告、专题报告和民族地区“十二五”规划总体执行情况三部分。全书内容围绕“少数民族地区经济发展方式转变”的主题展开。 |
| ● |
| 相关链接 |
|
|
|
|
正题名:中国少数民族地区经济发展报告
索取号:F127.8/240
 
预约/预借
| 序号 | 登录号 | 条形码 | 馆藏地/架位号 | 状态 | 备注 |
| 1 | 0841274 | 208412742 | 第一样本阅览室/ [索取号:F127.8/240] | 在馆 | |
| 2 | 0841275 | 208412751 | 密集书库-海洋学院/ [索取号:F127.8/240] | 在馆 | |
| 3 | 0841276 | 208412760 | 第一借阅区/ [索取号:F127.8/240] | 在馆 |